Przedsiebiorstwa i instytucje w warunkach zmieniajacego sie otoczenia
Salvato in:
| Natura: | Libro |
|---|---|
| Lingua: | polacco inglese |
| Pubblicazione: |
Wroclaw
Oficyna Wydawnicza Politechniki Wroclawskiej
2005
|
| Serie: | Prace naukowe Instytutu Organizacji i Zarzadzania Politechniki Wrocławskiej
|
| Soggetti: | |
| Tags: |
Nessun Tag, puoi essere il primo ad aggiungerne!!
|
MARC
| LEADER | 00000nam a2200000 4500 | ||
|---|---|---|---|
| 001 | 0151225 | ||
| 005 | 20240419074923.1 | ||
| 041 | 0 | |a pol | |
| 041 | 0 | |a eng | |
| 044 | |a PL | ||
| 245 | 1 | 0 | |a Przedsiebiorstwa i instytucje w warunkach zmieniajacego sie otoczenia |
| 264 | 1 | |a Wroclaw |b Oficyna Wydawnicza Politechniki Wroclawskiej |c 2005 | |
| 300 | |a 269 s. | ||
| 490 | 1 | |a Prace naukowe Instytutu Organizacji i Zarzadzania Politechniki Wrocławskiej | |
| 830 | 0 | |a Prace naukowe Instytutu Organizacji i Zarzadzania Politechniki Wrocławskiej | |
| 610 | 2 | 0 | |a transformácia |
| 610 | 2 | 0 | |a transformácia podniku |
| 610 | 2 | 0 | |a hospodárstvo národné |
| 610 | 2 | 0 | |a politika regionálna |
| 610 | 2 | 0 | |a Európska únia |
| 610 | 2 | 0 | |a politika hospodárska |